| 000 | 00430nam a22001337a 4500 | ||
|---|---|---|---|
| 040 | _cNUST | ||
| 082 | _a200 THE | ||
| 100 |
_aSajid Nawaz _988311 |
||
| 110 |
_aSupervisor Dr. Aamer Ahmed Baqai _988312 |
||
| 245 | _aTH-SOF-1952-Minimization of Work Overlaod in Mixed Model Assembly Lines with Different Types of Operators | ||
| 260 |
_aISLAMABAD: _bNUST COLLEGE OF EME, _c2021. |
||
| 650 |
_aMS-MECH-19 _988313 |
||
| 942 |
_2ddc _cTHE |
||
| 999 |
_c587574 _d587574 |
||